[Event "Tournoi francophone 017"]
[Site "Skype"]
[Date "????.??.??"]
[Round "1.35"]
[White "Vervoort, Jean-Louis"]
[Black "Salvi, Angele"]
[Result "1/2-1/2"]
[WhiteElo "1273"]
[BlackElo "1000"]
[PlyCount "88"]

1. d4 g6 2. e4 Bg7 3. e5 e6 4. Nf3 Ne7 5. Bb5 O-O 6. O-O b6 7. b3 Bb7 8. Ba3 d6
9. Nc3 Nbc6 10. Re1 a6 11. Bxc6 Nxc6 12. Re3 Ne7 13. Qe2 Nf5 14. Re4 Bxe4 15.
Qxe4 d5 16. Qe2 Re8 17. Re1 b5 18. Nd1 Bh6 19. c4 bxc4 20. bxc4 dxc4 21. Qxc4
Ne7 22. Qe2 Nd5 23. Ne3 Nc3 24. Qc2 Nb5 25. Bb2 Bf8 26. Ng4 Kh8 27. Nf6 Re7 28.
Qd2 c6 29. Ng5 Bh6 30. Nfxh7 Rd7 31. Qf4 Raa7 32. Nf6 Rdc7 33. Nxf7+ Rxf7 34.
Qxh6+ Rh7 35. Nxh7 Rxh7 36. Qxg6 Qd7 37. Qf6+ Kg8 38. Re4 Nc7 39. Rh4 Rg7 40.
Bc1 Nd5 41. Qh6 Rh7 42. Qg5+ Rg7 43. Qh6 Rh7 44. Rg4+ Rg7 1/2-1/2

[Event "Tournoi francophone 017"]
[Site "Skype"]
[Date "????.??.??"]
[Round "1.36"]
[White "Schnell, Nicolas"]
[Black "Le Bouill, Pierre"]
[Result "0-1"]
[WhiteElo "1000"]
[BlackElo "1260"]
[PlyCount "62"]

1. e4 d5 2. e5 d4 3. d3 e6 4. b3 b6 5. Nf3 h6 6. Bb2 c5 7. Nbd2 Bb7 8. Ne4 Be7
9. c3 Nc6 10. b4 dxc3 11. Bxc3 cxb4 12. Bd2 Nd4 13. Qa4+ b5 14. Qd1 Qd7 15. Be2
Rc8 16. O-O Nxe2+ 17. Qxe2 Rd8 18. d4 f6 19. Nd6+ Bxd6 20. Qd3 fxe5 21. Qg6+
Qf7 22. Qd3 a6 23. Rac1 e4 24. Qe2 exf3 25. gxf3 Bxf3 26. Qd3 Qf6 27. Rfd1
Bxh2+ 28. Kf1 Bxd1 29. Rxd1 Ne7 30. Re1 O-O 31. Re4 Qxf2# 0-1

[Event "Tournoi francophone 017"]
[Site "Skype"]
[Date "????.??.??"]
[Round "1.37"]
[White "L'Herbon De Lussats, Jean"]
[Black "Trapletti, Cosetta"]
[Result "1-0"]
[WhiteElo "1245"]
[BlackElo "1000"]
[PlyCount "59"]

1. d4 d5 2. c4 Nf6 3. g3 e6 4. Nf3 Bd6 5. Bg2 c5 6. O-O O-O 7. Nc3 Nc6 8. a3 h6
9. b4 Ne4 10. Nxe4 dxe4 11. Ne5 Nxe5 12. dxe5 Bxe5 13. Ra2 cxb4 14. axb4 Bd4
15. Bxe4 Bc3 16. b5 Rb8 17. Rxa7 Bd4 18. Ra2 f5 19. Bb1 e5 20. Rd2 Qd7 21. e3
Bc3 22. Rxd7 Bxd7 23. Qxd7 Bb4 24. Qe6+ Kh8 25. Qxe5 Rbe8 26. Qd4 b6 27. Bb2
Re7 28. Qxb6 Rf6 29. Bxf6 gxf6 30. Qxf6+ 1-0

[Event "Tournoi francophone 017"]
[Site "Skype"]
[Date "????.??.??"]
[Round "2.1"]
[White "Hargez, Dany"]
[Black "Deville, Olivier"]
[Result "1-0"]
[WhiteElo "1296"]
[BlackElo "1767"]
[PlyCount "53"]

1. e4 c5 2. d4 cxd4 3. Qxd4 Nc6 4. Qd1 g6 5. Bf4 Bg7 6. Nf3 Bxb2 7. Nbd2 Bxa1
8. Qxa1 Nf6 9. e5 Nd5 10. Bh6 e6 11. Bc4 Ndb4 12. O-O Nxc2 13. Qb2 N2b4 14. a3
Na6 15. Bb5 Qb6 16. Be3 Qa5 17. Nc4 Qc7 18. Nd6+ Kf8 19. Bh6+ Kg8 20. Bg5 h5
21. Bf6 Rh7 22. Ng5 Rg7 23. Bxg7 Kxg7 24. Ngxf7 Nc5 25. Qc1 Nxe5 26. Qh6+ Kf6
27. Ne8+ 1-0

[Event "Tournoi francophone 017"]
[Site "Skype"]
[Date "????.??.??"]
[Round "2.3"]
[White "Cengiz, Ali Ekber"]
[Black "Elias, Roberto"]
[Result "0-1"]
[WhiteElo "1281"]
[BlackElo "1671"]
[PlyCount "80"]

1. e4 c5 2. Nf3 Nc6 3. c3 d5 4. exd5 Qxd5 5. Be2 e5 6. d3 Nf6 7. O-O Be7 8. Bg5
Bf5 9. Nbd2 Bxd3 10. Bxf6 Bxe2 11. Qxe2 Bxf6 12. Ne4 Be7 13. Rad1 Qe6 14. Qb5
O-O 15. Nfg5 Bxg5 16. Nxg5 Qg4 17. Nh3 Rfd8 18. f3 Qg6 19. Qe2 Rd6 20. Rxd6
Qxd6 21. Rd1 Qe7 22. Nf2 f5 23. Qc2 g6 24. Rd5 Rd8 25. Rd3 c4 26. Rd1 b5 27. b3
Na5 28. Re1 cxb3 29. axb3 Qa3 30. Rb1 Nc6 31. Qe2 Qc5 32. c4 Nd4 33. Qf1 a6 34.
Nd3 Ne2+ 35. Kh1 Rxd3 36. Qxe2 bxc4 37. bxc4 Re3 38. Qa2 Rc3 39. Qxa6 Rxc4 40.
h4 Rxh4# 0-1

[Event "Tournoi francophone 017"]
[Site "Skype"]
[Date "????.??.??"]
[Round "2.4"]
[White "Lambert, Pierre"]
[Black "Prieto, Jairo Ovidio"]
[Result "1-0"]
[WhiteElo "1660"]
[BlackElo "1277"]
[PlyCount "91"]

1. e4 e5 2. Nf3 Nc6 3. Bc4 h6 4. O-O Nf6 5. Re1 d6 6. c3 a6 7. a4 Na5 8. Ba2 c5
9. d4 cxd4 10. cxd4 Bg4 11. d5 b6 12. Nc3 Be7 13. h3 Bh5 14. Be3 O-O 15. Qe2
Nb7 16. Bc4 a5 17. Rac1 Nd7 18. Bb5 Bxf3 19. Qxf3 Ndc5 20. Bc6 Nd3 21. Bxb7 Rb8
22. Bc6 Nxe1 23. Rxe1 Bg5 24. Bxg5 Qxg5 25. Qe3 Qd8 26. Nb5 f6 27. Qa3 f5 28.
Qxd6 fxe4 29. Qxd8 Rbxd8 30. Rxe4 Rf5 31. Re2 g5 32. d6 Kf7 33. g4 Rf6 34. Rxe5
Kf8 35. Rf5 Kf7 36. Rxf6+ Kxf6 37. f3 Ke6 38. Kf2 Rf8 39. Ke3 Rf4 40. Be4 Rf8
41. Bf5+ Kf6 42. d7 Ke7 43. Nd4 Rf6 44. Ke4 Rd6 45. Ke5 Rf6 46. d8=Q+ 1-0

[Event "Tournoi francophone 017"]
[Site "Skype"]
[Date "????.??.??"]
[Round "2.5"]
[White "Bucherie, Volcy"]
[Black "Sahrane, Juba"]
[Result "1-0"]
[WhiteElo "1274"]
[BlackElo "1514"]
[PlyCount "37"]

1. d4 Nf6 2. c4 e6 3. Nf3 d5 4. cxd5 exd5 5. Nc3 Be7 6. g3 c6 7. Bg2 O-O 8. O-O
h6 9. Ne5 Nbd7 10. Bf4 Nxe5 11. dxe5 Nd7 12. e4 dxe4 13. Nxe4 Qc7 14. Nd6 Rd8
15. Qh5 Nxe5 16. Nxf7 Bg4 17. Qxe5 Bd6 18. Nxd6 Rd7 19. h3 1-0

[Event "Tournoi francophone 017"]
[Site "Skype"]
[Date "????.??.??"]
[Round "2.6"]
[White "Megelas, Florent"]
[Black "Le Bouill, Pierre"]
[Result "1-0"]
[WhiteElo "1496"]
[BlackElo "1260"]
[PlyCount "61"]

1. e4 d6 2. d4 c6 3. c4 Nf6 4. Nc3 g6 5. Nf3 Bg7 6. Be2 b6 7. O-O Bb7 8. Rb1
O-O 9. Bd2 Nbd7 10. Qc1 Ne8 11. Bh6 f6 12. Bxg7 Nxg7 13. h3 e5 14. dxe5 Nxe5
15. Nxe5 fxe5 16. Qe3 Qe7 17. Rbd1 Rad8 18. a3 Ne6 19. Bg4 Nf4 20. Ne2 Nxe2+
21. Qxe2 Bc8 22. Bxc8 Rxc8 23. b4 a6 24. Rd2 Rcd8 25. Rfd1 Rf6 26. Qe3 Qc7 27.
c5 b5 28. Qg5 Kg7 29. Rxd6 Rdxd6 30. cxd6 Rxd6 31. Qxe5+ 1-0

[Event "Tournoi francophone 017"]
[Site "Skype"]
[Date "????.??.??"]
[Round "2.8"]
[White "Sequeda Pimiento, Javier Ricardo"]
[Black "De Coninck, Philippe"]
[Result "1-0"]
[WhiteElo "1434"]
[BlackElo "1173"]
[PlyCount "39"]

1. e4 e5 2. Nf3 Nc6 3. Bc4 h6 4. d4 exd4 5. Nxd4 Nf6 6. Bd3 Nxd4 7. e5 Ng8 8.
Nc3 Bc5 9. Be3 c6 10. Na4 Bb6 11. Qg4 Ba5+ 12. c3 Ne6 13. Bf5 g5 14. Rd1 Bc7
15. Bxe6 fxe6 16. Qh5+ Kf8 17. Bc5+ Ne7 18. Qf3+ Kg8 19. Qf6 Nd5 20. Qg6# 1-0

[Event "Tournoi francophone 017"]
[Site "Skype"]
[Date "????.??.??"]
[Round "2.9"]
[White "Castillo, David"]
[Black "Guillaume, Mickael"]
[Result "1-0"]
[WhiteElo "1381"]
[BlackElo "1106"]
[PlyCount "125"]

1. d4 d5 2. g3 Nf6 3. Nd2 c5 4. Ngf3 Nc6 5. e3 Bg4 6. c3 e6 7. Bg2 Ne4 8. h3
Bf5 9. O-O Be7 10. Ne5 Nxe5 11. dxe5 O-O 12. f3 Nxg3 13. Re1 Bh4 14. f4 Bd3 15.
Nf3 Ne2+ 16. Rxe2 Bxe2 17. Qxe2 f6 18. Bd2 Bg3 19. Be1 Bxe1 20. Rxe1 a6 21. b3
b5 22. Rd1 c4 23. Bf1 Qc7 24. Rc1 cxb3 25. axb3 b4 26. c4 a5 27. Qb2 Qc5 28.
Qd4 Rac8 29. Qxc5 Rxc5 30. exf6 gxf6 31. Ra1 Kf7 32. Kf2 Re8 33. Ne1 Ra8 34.
Nd3 Rcc8 35. c5 Kg6 36. Kf3 Kh5 37. Ra2 e5 38. fxe5 fxe5 39. Nxe5 Rxc5 40. Nd3
Rc3 41. Nxb4 Rxb3 42. Nxd5 a4 43. Bg2 a3 44. Nf4+ Kg5 45. Nd5 Ra5 46. Kg3 Rb2
47. Nc3 Rxa2 48. Nxa2 Rb5 49. Bc6 Rb3 50. Kf3 h5 51. Bd5 Rd3 52. Ke4 Rd2 53.
Nc3 Kh4 54. Be6 Kg3 55. Nb1 a2 56. Bxa2 Rxa2 57. Nc3 Rh2 58. Kf5 Rf2+ 59. Kg5
h4 60. Ne4+ Kxh3 61. Nxf2+ Kg3 62. e4 Kxf2 63. Kxh4 1-0

[Event "Tournoi francophone 017"]
[Site "Skype"]
[Date "????.??.??"]
[Round "2.10"]
[White "Colangelo, Michele"]
[Black "Vasquez Cienfuegos, Oscar"]
[Result "0-1"]
[WhiteElo "1189"]
[BlackElo "1370"]
[PlyCount "24"]

1. e4 c6 2. Nc3 b5 3. d4 d5 4. exd5 b4 5. Nb1 Qxd5 6. Bd2 Qxd4 7. c3 Qe4+ 8.
Be2 Qxg2 9. Bf3 Qg6 10. Bxc6+ Nxc6 11. Qa4 Qe4+ 12. Ne2 Qxh1+ 0-1

[Event "Tournoi francophone 017"]
[Site "Skype"]
[Date "????.??.??"]
[Round "2.11"]
[White "Yepez, German"]
[Black "Khabou, Taha"]
[Result "0-1"]
[WhiteElo "1181"]
[BlackElo "1358"]
[PlyCount "70"]

1. e4 e6 2. Nf3 d5 3. exd5 exd5 4. d4 Bf5 5. Bd3 Bxd3 6. Qxd3 c6 7. O-O Nf6 8.
h3 Be7 9. Bf4 O-O 10. Nbd2 Bd6 11. Ne5 Qc7 12. Ndf3 Nbd7 13. Rae1 Rfe8 14. Bg3
Ne4 15. Bh4 Nxe5 16. dxe5 Bxe5 17. Nxe5 Qxe5 18. c3 Qh5 19. Bg3 Qf5 20. Bh2 Qg6
21. Re3 Re6 22. Rfe1 Rae8 23. Qd1 Kf8 24. Qg4 Qf6 25. f3 Nc5 26. Rxe6 Nxe6 27.
Qa4 a6 28. Qc2 d4 29. cxd4 Qxd4+ 30. Qf2 Qxf2+ 31. Kxf2 Rd8 32. Re2 Nc5 33. Bc7
Rd7 34. Re8+ Kxe8 35. Bb6 Nd3+ 0-1

[Event "Tournoi francophone 017"]
[Site "Skype"]
[Date "????.??.??"]
[Round "2.12"]
[White "Pouteau, Pascal"]
[Black "Ibanez, Bittor"]
[Result "1-0"]
[WhiteElo "1349"]
[BlackElo "1080"]
[PlyCount "101"]

1. d4 c5 2. d5 Nf6 3. c4 d6 4. Nc3 Nbd7 5. Nf3 Nb6 6. e4 e5 7. Be2 g6 8. O-O
Bg7 9. Bg5 h6 10. Bd2 g5 11. a4 g4 12. Ne1 Bd7 13. a5 Nc8 14. Qc2 a6 15. Qb3 h5
16. Bg5 h4 17. f3 Rh5 18. Bxf6 Bxf6 19. fxg4 Rg5 20. h3 Rb8 21. Nf3 Rg6 22. Rf2
Ke7 23. Raf1 Qxa5 24. Nxh4 Bxh4 25. Rxf7+ Kd8 26. Rh7 Rf6 27. Rxh4 Rxf1+ 28.
Kxf1 b5 29. g5 b4 30. Nd1 Ba4 31. Qa2 Kc7 32. b3 Nb6 33. Rh7+ Nd7 34. Nb2 Rf8+
35. Ke1 Rb8 36. Nxa4 Kd8 37. g6 Nf6 38. Rh8+ Kc7 39. Rxb8 Kxb8 40. Bf3 Ne8 41.
Qd2 Qc7 42. Qh6 Qg7 43. Qh7 Kc7 44. h4 Kd8 45. h5 Qf6 46. Ke2 Ng7 47. Qh8+ Ke7
48. Qh7 Kf8 49. h6 Nf5 50. exf5 Qxf5 51. g7+ 1-0

[Event "Tournoi francophone 017"]
[Site "Skype"]
[Date "????.??.??"]
[Round "2.13"]
[White "De Fazio, Monica"]
[Black "Amato, Ludovica"]
[Result "0-1"]
[WhiteElo "1153"]
[BlackElo "1346"]
[PlyCount "124"]

1. d4 d5 2. c4 c6 3. Nc3 dxc4 4. e4 b5 5. a4 b4 6. Na2 a5 7. Bxc4 e6 8. e5 Bb7
9. Nf3 c5 10. Be3 Be7 11. Bb5+ Kf8 12. Rc1 cxd4 13. Bxd4 Nd7 14. O-O Nh6 15.
Bc6 Ba6 16. Bxa8 Bxf1 17. Qxf1 Qxa8 18. Qc4 Ke8 19. Rc2 Nf5 20. Bb6 Nxb6 21.
Qb5+ Nd7 22. Rc7 Qd5 23. Kf1 Qxb5+ 24. axb5 Kd8 25. Ra7 Nb6 26. Rxa5 Bc5 27.
Nc1 Nd4 28. Ng5 Ke7 29. Ra7+ Nd7 30. Rc7 Nxb5 31. Nxf7 Rf8 32. Rb7 Rxf7 33.
Rxb5 Rxf2+ 34. Ke1 Rf4 35. Nd3 Rc4 36. Nxc5 Rxc5 37. Rxb4 Rxe5+ 38. Kd2 Kd6 39.
Rd4+ Rd5 40. Kc3 Rxd4 41. Kxd4 Nf6 42. b4 e5+ 43. Ke3 Nd5+ 44. Ke4 Nxb4 45. g4
Nd5 46. h4 Nf6+ 47. Kf5 Kd5 48. g5 Ne4 49. h5 Nc3 50. h6 gxh6 51. gxh6 e4 52.
Kf6 e3 53. Kg7 e2 54. Kxh7 e1=Q 55. Kg8 Qe8+ 56. Kg7 Qe5+ 57. Kg8 Ne4 58. h7
Nf6+ 59. Kg7 Nxh7+ 60. Kxh7 Qg5 61. Kh8 Ke6 62. Kh7 Kf7 0-1

[Event "Tournoi francophone 017"]
[Site "Skype"]
[Date "????.??.??"]
[Round "2.14"]
[White "Lognos, Lina"]
[Black "Duthoit, Bernard"]
[Result "1-0"]
[WhiteElo "1023"]
[BlackElo "1333"]
[PlyCount "58"]

1. c4 c5 2. Nc3 b6 3. d3 Bb7 4. Nf3 Nc6 5. g3 Nf6 6. Bg2 e6 7. O-O Nd4 8. e4
Nxf3+ 9. Bxf3 e5 10. a3 a6 11. Be3 Be7 12. Rb1 O-O 13. b4 d6 14. bxc5 dxc5 15.
Na4 Nd7 16. Nc3 Bc6 17. Nd5 Bxd5 18. exd5 Nf6 19. d6 Bxd6 20. Bxa8 Qxa8 21.
Rxb6 Bc7 22. Bxc5 Bxb6 23. Bxf8 Qxf8 24. Qb3 Bc5 25. Rb1 Nd7 26. Qb7 Qd8 27. a4
g6 28. Qxa6 Qg5 29. Qc8+ Nf8 1-0

[Event "Tournoi francophone 017"]
[Site "Skype"]
[Date "????.??.??"]
[Round "2.15"]
[White "Vincent, Andre"]
[Black "Gerbaux, Regis"]
[Result "0-1"]
[WhiteElo "1332"]
[BlackElo "1075"]
[PlyCount "70"]

1. Nf3 Nf6 2. d4 d5 3. e3 e6 4. Be2 Bd6 5. O-O O-O 6. c4 c6 7. Nc3 Nbd7 8. a3
Qc7 9. b4 Ne4 10. Bb2 Nxc3 11. Bxc3 b6 12. Rc1 c5 13. cxd5 exd5 14. bxc5 bxc5
15. Qc2 Nf6 16. Bd3 c4 17. Bb4 Bxb4 18. axb4 Be6 19. Bf5 Qd6 20. Rb1 Rab8 21.
Ng5 Bxf5 22. Qxf5 g6 23. Qf4 Qxf4 24. exf4 h6 25. Nf3 Ne4 26. Rfc1 Rfc8 27. Rc2
c3 28. Kf1 a5 29. b5 Rb6 30. Ke2 a4 31. Ke3 a3 32. Ra1 Rxb5 33. Rxa3 Rb2 34.
Ra2 Rxa2 35. Rxa2 c2 0-1

[Event "Tournoi francophone 017"]
[Site "Skype"]
[Date "????.??.??"]
[Round "2.16"]
[White "Blanchard, Colette"]
[Black "Le Brun, Yves"]
[Result "0-1"]
[WhiteElo "1000"]
[BlackElo "1321"]
[PlyCount "70"]

1. d4 Nf6 2. Nf3 d5 3. Bf4 Bf5 4. e3 e6 5. c3 Bd6 6. Bxd6 Qxd6 7. Be2 Nbd7 8.
Nbd2 h6 9. O-O O-O 10. h3 a6 11. Rc1 c5 12. c4 cxd4 13. Nxd4 Bg6 14. b3 Rac8
15. Bf3 e5 16. Ne2 Rfd8 17. cxd5 Nxd5 18. Be4 Rxc1 19. Nxc1 N7b6 20. Bxg6 Qxg6
21. Qe2 Rc8 22. e4 Nf4 23. Qf3 Qd6 24. Ne2 Qxd2 25. Nxf4 Qxf4 26. Qxf4 exf4 27.
f3 Kf8 28. Rf2 Ke7 29. Re2 Ke6 30. e5 Nd5 31. Re4 Rc1+ 32. Kh2 Kf5 33. h4 Rc2
34. a4 Ne3 35. Rc4 Nxc4 0-1

[Event "Tournoi francophone 017"]
[Site "Skype"]
[Date "????.??.??"]
[Round "2.17"]
[White "Ortis, Yves"]
[Black "Rodier, Marc"]
[Result "1/2-1/2"]
[WhiteElo "1148"]
[BlackElo "1566"]
[PlyCount "85"]

1. d4 Nf6 2. Nf3 g6 3. g3 Bg7 4. c3 d5 5. e3 O-O 6. Be2 Bh3 7. Bd2 Nc6 8. Qa4
Qd6 9. c4 dxc4 10. Qxc4 e5 11. dxe5 Nxe5 12. Nxe5 Qxe5 13. Nc3 Be6 14. Qb4 c5
15. Qa4 Bh3 16. f4 Qe7 17. Bf3 Bd7 18. Qb3 Rab8 19. Qc2 b6 20. Ne4 Bf5 21.
Nxf6+ Bxf6 22. e4 Bd7 23. Bc3 Bxc3+ 24. Qxc3 Bc6 25. O-O Rbd8 26. Rae1 Rd4 27.
e5 Bxf3 28. Rxf3 Rfd8 29. Rff1 Rd3 30. Qc1 Qd7 31. e6 Qd4+ 32. Kg2 Qd5+ 33. Kg1
fxe6 34. Qc2 Qd4+ 35. Qf2 Qxf2+ 36. Kxf2 Rd2+ 37. Kg1 Rxb2 38. Rxe6 Rdd2 39.
Re8+ Kf7 40. Rfe1 Rg2+ 41. Kh1 Rxh2+ 42. Kg1 Rhg2+ 43. Kh1 1/2-1/2

[Event "Tournoi francophone 017"]
[Site "Skype"]
[Date "????.??.??"]
[Round "2.18"]
[White "Leyton Calderon, Jairo Oswaldo"]
[Black "Rodriguez, Nathalie"]
[Result "1-0"]
[WhiteElo "1546"]
[BlackElo "1127"]
[PlyCount "71"]

1. c4 d5 2. cxd5 Qxd5 3. Nc3 Qd8 4. g3 Nf6 5. Bg2 c5 6. Nf3 Nc6 7. O-O e6 8. b3
Be7 9. Bb2 h6 10. Rc1 a6 11. Qc2 O-O 12. a3 e5 13. Na4 Nd4 14. Bxd4 cxd4 15.
Nxe5 Bd7 16. Nxd7 Qxd7 17. b4 Rac8 18. Qb3 Qe6 19. Qxe6 fxe6 20. Bxb7 Rxc1 21.
Rxc1 Rd8 22. Rc8 Rxc8 23. Bxc8 e5 24. Bxa6 Ne4 25. d3 Nd6 26. Nb2 Bg5 27. Nc4
Nxc4 28. Bxc4+ Kf8 29. Kg2 Ke7 30. Kf3 Kd6 31. Ke4 Bc1 32. a4 Bb2 33. a5 Bc3
34. a6 Bxb4 35. a7 Bc5 36. a8=Q 1-0

[Event "Tournoi francophone 017"]
[Site "Skype"]
[Date "????.??.??"]
[Round "2.19"]
[White "Salvi, Angele"]
[Black "Couto, Januario"]
[Result "0-1"]
[WhiteElo "1000"]
[BlackElo "1387"]
[PlyCount "58"]

1. g3 f5 2. Bg2 e5 3. e3 Nf6 4. Ne2 d5 5. O-O c5 6. d3 Bd6 7. Nd2 O-O 8. b3 Nc6
9. Bb2 b6 10. Rc1 Bb7 11. c4 d4 12. e4 fxe4 13. Nxe4 Nxe4 14. Bxe4 Rb8 15. f4
exf4 16. Nxf4 Bxf4 17. Rc2 Be3+ 18. Kg2 Rxf1 19. Qxf1 Ne5 20. Bc1 Bxe4+ 21.
dxe4 Bxc1 22. Qxc1 Qe7 23. Qd2 Rf8 24. Kh3 Qe6+ 25. Kg2 Ng4 26. Qe1 Ne3+ 27.
Kg1 Qxe4 28. Re2 Qf3 29. Rf2 Qxf2+ 0-1

[Event "Tournoi francophone 017"]
[Site "Skype"]
[Date "????.??.??"]
[Round "2.20"]
[White "Scata, Laura"]
[Black "Fouques Duparc, Paulin"]
[Result "0-1"]
[WhiteElo "1366"]
[BlackElo "1207"]
[PlyCount "70"]

1. d4 Nf6 2. Bf4 c5 3. c3 d5 4. e3 Bf5 5. Bd3 Bxd3 6. Qxd3 c4 7. Qc2 Nc6 8. Nd2
e6 9. Ngf3 Nh5 10. Bg5 Nf6 11. Bf4 b5 12. b3 Be7 13. Ne5 Rc8 14. bxc4 dxc4 15.
Nxc6 Rxc6 16. e4 O-O 17. O-O a5 18. a3 Qd7 19. Nf3 h6 20. Ne5 Qb7 21. Nxc6 Qxc6
22. Rfe1 Rd8 23. e5 Nd5 24. Qe4 Qc7 25. Bd2 Rb8 26. f4 Qd7 27. Rf1 Rd8 28. f5
Bf8 29. Qg4 Rb8 30. Rf3 Kh7 31. fxe6 fxe6 32. Qg6+ Kxg6 33. Raf1 Bxa3 34. Rg3+
Kh7 35. Rf7 Qxf7 0-1

[Event "Tournoi francophone 017"]
[Site "Skype"]
[Date "????.??.??"]
[Round "2.21"]
[White "Trivedi, Viral"]
[Black "Vervoort, Jean-Louis"]
[Result "1-0"]
[WhiteElo "1210"]
[BlackElo "1273"]
[PlyCount "39"]

1. b3 d5 2. Bb2 d4 3. Nf3 Nc6 4. c3 e5 5. cxd4 exd4 6. Qc2 Nf6 7. e3 dxe3 8.
dxe3 Bg4 9. Nbd2 Bxf3 10. Nxf3 Qe7 11. a3 O-O-O 12. Be2 g6 13. O-O Rd7 14. Bb5
Rd6 15. Bxf6 Rxf6 16. Rac1 Qe6 17. b4 Bh6 18. Nd4 Qd5 19. Nxc6 Qxb5 20. Nxa7+
1-0

[Event "Tournoi francophone 017"]
[Site "Skype"]
[Date "????.??.??"]
[Round "2.23"]
[White "Hurtado De Mendoza, Ramon Miguel"]
[Black "Rivalta, Paolo"]
[Result "1-0"]
[WhiteElo "1436"]
[BlackElo "1142"]
[PlyCount "103"]

1. d4 d5 2. c4 dxc4 3. Nc3 Nf6 4. Nf3 e6 5. e4 Bb4 6. Qc2 b5 7. Bg5 h6 8. Bxf6
Qxf6 9. Be2 Bb7 10. O-O Bxc3 11. bxc3 O-O 12. Rab1 a6 13. Bxc4 Nc6 14. e5 Qf4
15. Be2 f6 16. exf6 Qxf6 17. a4 b4 18. cxb4 Nxd4 19. Nxd4 Qxd4 20. Qxc7 Be4 21.
Rb3 Rac8 22. Qg3 Rc2 23. Bf3 Bxf3 24. Rxf3 Qxb4 25. Rxf8+ Qxf8 26. Qb3 Re2 27.
Qc4 Re5 28. Qxa6 Qb4 29. Rd1 Re4 30. Ra1 Qb2 31. Qf1 Qb4 32. a5 Qb8 33. a6 Qa7
34. Qd3 Rd4 35. Qe3 Qxa6 36. Re1 Rd6 37. g3 Rc6 38. h4 Qc8 39. Kg2 Kf7 40. Ra1
Kf6 41. Qf3+ Ke7 42. Qe4 Rc4 43. Qg6 Kf8 44. Ra7 Rc7 45. Rxc7 Qxc7 46. Qxe6
Qb7+ 47. Kh2 Qf3 48. Qe3 Qd5 49. Qe2 Kf7 50. h5 Qg5 51. f4 Qf6 52. Qc4+ 1-0

[Event "Tournoi francophone 017"]
[Site "Skype"]
[Date "????.??.??"]
[Round "2.25"]
[White "Marino, Giuseppe"]
[Black "Montilla Bejarano, Mey"]
[Result "1-0"]
[WhiteElo "1339"]
[BlackElo "1116"]
[PlyCount "43"]

1. d4 d5 2. Nf3 c5 3. dxc5 Qa5+ 4. c3 e6 5. b4 Qc7 6. e3 a5 7. a3 axb4 8. cxb4
Nc6 9. Bb5 e5 10. Qxd5 Bd7 11. Bxc6 bxc6 12. Qxe5+ Qxe5 13. Nxe5 Nf6 14. Nxd7
Nxd7 15. O-O h5 16. Nd2 Ne5 17. Nb3 g5 18. Bb2 Bg7 19. Kh1 h4 20. f4 g4 21.
Bxe5 Rd8 22. Bxg7 1-0

[Event "Tournoi francophone 017"]
[Site "Skype"]
[Date "????.??.??"]
[Round "2.26"]
[White "Codina, Teresa"]
[Black "Coude, Josue"]
[Result "1-0"]
[WhiteElo "1310"]
[BlackElo "1099"]
[PlyCount "77"]

1. d4 d5 2. Nf3 Nf6 3. Bg5 Bf5 4. e3 e6 5. c4 c6 6. Nc3 Be7 7. Be2 Nbd7 8. O-O
O-O 9. Rc1 h6 10. Bf4 Nh5 11. Bg3 Nxg3 12. hxg3 Qb6 13. Qd2 c5 14. cxd5 cxd4
15. Nxd4 Nf6 16. Nxf5 exf5 17. Bf3 Rfd8 18. a3 Rac8 19. b4 a5 20. Rb1 axb4 21.
Qd3 Qa5 22. axb4 Bxb4 23. Ne2 Nxd5 24. Bxd5 Rxd5 25. Qb3 Rb5 26. Nd4 Rc3 27.
Qd1 Rbc5 28. Nb3 Rd5 29. Nxa5 Rxd1 30. Rfxd1 Bxa5 31. Rxb7 Rc8 32. Kh2 g5 33.
Rb5 Bc7 34. Rxf5 Rf8 35. Rd7 Bb6 36. e4 g4 37. f3 gxf3 38. gxf3 Bc5 39. Rxc5
1-0

[Event "Tournoi francophone 017"]
[Site "Skype"]
[Date "????.??.??"]
[Round "2.27"]
[White "Sepulveda, Lyda Marcela"]
[Black "Hampton, Irene"]
[Result "0-1"]
[WhiteElo "1302"]
[BlackElo "1026"]
[PlyCount "38"]

1. e4 c6 2. d4 d5 3. Bd3 Nd7 4. c4 e5 5. cxd5 Ne7 6. dxc6 Nxc6 7. d5 Nb4 8. Bb5
Bd6 9. Nf3 O-O 10. O-O Nf6 11. Nc3 a6 12. Ba4 Rb8 13. a3 b5 14. Bb3 Nbxd5 15.
Bxd5 Bg4 16. Bb3 Qe7 17. Nd5 Bh3 18. Nxe7+ Bxe7 19. gxh3 Rbd8 0-1

[Event "Tournoi francophone 017"]
[Site "Skype"]
[Date "????.??.??"]
[Round "2.28"]
[White "Abate, Luigi"]
[Black "Sauvaget, Joel"]
[Result "1-0"]
[WhiteElo "1119"]
[BlackElo "1290"]
[PlyCount "59"]

1. e4 e5 2. Nf3 Nc6 3. Bb5 d6 4. h3 Bd7 5. b3 Nf6 6. c3 Nxe4 7. O-O Nf6 8. d4
exd4 9. cxd4 Be7 10. d5 Ne5 11. Bxd7+ Nexd7 12. Nc3 O-O 13. Re1 Re8 14. Bf4 Nb6
15. Qd2 Nbxd5 16. Nxd5 Nxd5 17. Qxd5 c6 18. Qd3 d5 19. Nd4 Bf6 20. Rad1 Qb6 21.
Nf3 h6 22. Be5 Bxe5 23. Nxe5 Qc7 24. Qg3 Re7 25. f4 Rae8 26. Ng4 Kh7 27. Re5 f6
28. Rh5 Qb6+ 29. Kh2 Qd4 30. Rxd4 1-0

[Event "Tournoi francophone 017"]
[Site "Skype"]
[Date "????.??.??"]
[Round "2.29"]
[White "Tolaro, Filippa"]
[Black "Roman, Sylvian"]
[Result "1-0"]
[WhiteElo "1114"]
[BlackElo "1284"]
[PlyCount "83"]

1. Nf3 d5 2. d4 Nf6 3. Bf4 e6 4. e3 Bd6 5. Ne5 O-O 6. Bd3 Nbd7 7. Nd2 b6 8. O-O
a5 9. a4 Ba6 10. c4 dxc4 11. Ndxc4 Bxc4 12. Nxc4 Bxf4 13. exf4 Nb8 14. Ne5 Kh8
15. Be2 Ra7 16. Bf3 Nd5 17. g3 c6 18. Rc1 Rc7 19. Qd2 Qd6 20. Nc4 Qb4 21. Qxb4
Nxb4 22. Nxb6 Nd5 23. Nxd5 exd5 24. Rfe1 Rb7 25. Rc2 Rb4 26. Rd1 Rxa4 27. Be2
Rc8 28. b3 Rb4 29. Rc5 Rxb3 30. Rxa5 Nd7 31. Bg4 Rb7 32. Re1 g6 33. Kg2 f5 34.
Bd1 Nf6 35. Ba4 Kg7 36. Re6 Rb6 37. Ra7+ Kh6 38. Rxf6 Rb4 39. Rff7 Rh8 40. Bxc6
Rxd4 41. h4 Rxf4 42. gxf4 1-0

[Event "Tournoi francophone 017"]
[Site "Skype"]
[Date "????.??.??"]
[Round "2.30"]
[White "Briere, Jean"]
[Black "Esformes, Jacques"]
[Result "1-0"]
[WhiteElo "1237"]
[BlackElo "1015"]
[PlyCount "91"]

1. e4 c5 2. Nf3 d6 3. d4 cxd4 4. Nxd4 Nf6 5. Nc3 a6 6. Bg5 e5 7. Nf3 h6 8. Bxf6
Qxf6 9. Nd5 Qd8 10. c4 Nc6 11. Be2 Be7 12. O-O Bg4 13. Nh4 Bxe2 14. Qxe2 Bxh4
15. g3 Bg5 16. Qg4 Qd7 17. Qxd7+ Kxd7 18. f4 exf4 19. Nb6+ Ke6 20. Nxa8 Rxa8
21. gxf4 Be7 22. Rad1 Rd8 23. b3 b6 24. Kg2 Nb4 25. Rd2 g5 26. a3 Nc6 27. fxg5
Bxg5 28. Rd5 Ne7 29. Rd3 Rg8 30. Kf3 Ke5 31. Ke2 Bh4 32. Rxf7 Rg2+ 33. Ke3 Bg5+
34. Kf3 Rxh2 35. Kg3 Bf6 36. Kxh2 Ng6 37. Rd5+ Ke6 38. Ra7 a5 39. b4 axb4 40.
axb4 b5 41. cxb5 Nf4 42. Rf5 Ne2 43. b6 Bd8 44. b7 Bc7 45. Rh5 Ng3 46. Kxg3 1-0

[Event "Tournoi francophone 017"]
[Site "Skype"]
[Date "????.??.??"]
[Round "2.31"]
[White "Ruiz Aguilera, Juan Jesus"]
[Black "Porcabeuf, Jean-Marc"]
[Result "1-0"]
[WhiteElo "1102"]
[BlackElo "1229"]
[PlyCount "61"]

1. e4 e5 2. Nf3 Nc6 3. Bb5 Nf6 4. Bxc6 bxc6 5. d3 d5 6. exd5 cxd5 7. O-O Bb7 8.
Nxe5 Bd6 9. Re1 O-O 10. Bf4 Re8 11. Nd2 Bc5 12. c3 d4 13. Qb3 Rb8 14. Nxf7 Bd5
15. Nxd8 Bxb3 16. Bxc7 dxc3 17. Bxb8 cxd2 18. Rxe8+ Nxe8 19. axb3 Nd6 20. Bxd6
Bxd6 21. h3 h6 22. Nb7 Kf7 23. Kf1 a6 24. Ke2 Bf4 25. Ra2 Ke6 26. Nc5+ Ke5 27.
Nd7+ Ke6 28. Nc5+ Kd5 29. Ne4 Kd4 30. Nxd2 Bxd2 31. Kxd2 1-0

[Event "Tournoi francophone 017"]
[Site "Skype"]
[Date "????.??.??"]
[Round "2.32"]
[White "Malbec, Robert"]
[Black "Cassano, Mariangela"]
[Result "1-0"]
[WhiteElo "1223"]
[BlackElo "1000"]
[PlyCount "69"]

1. e4 e5 2. Nf3 Nf6 3. Nxe5 Nxe4 4. Nf3 d5 5. Qe2 f5 6. d3 Be6 7. dxe4 dxe4 8.
Ng5 Bd5 9. Nc3 c6 10. Bf4 Be7 11. Nh3 g6 12. Qe3 O-O 13. Be2 Bf6 14. Nxd5 cxd5
15. c3 Nc6 16. O-O Bg7 17. Ng5 h6 18. Ne6 Qe7 19. Nxf8 Bxf8 20. Bxh6 Bxh6 21.
Qxh6 Nd8 22. Rfd1 Nf7 23. Qh3 Ng5 24. Qg3 Ne6 25. Rxd5 a6 26. Bc4 b5 27. Bb3
Nc7 28. Rd6+ Ne6 29. Bxe6+ Qxe6 30. Rxe6 Kf8 31. Qxg6 Re8 32. Rf6+ Ke7 33. Re6+
Kd7 34. Rd1+ Kc8 35. Qxe8+ 1-0